000 00684nam a2200289Ia 4500
005 20260324133912.0
008 008 260324s9999 xx 000 0 eng d
020 _a9780429476280
037 _aEBOOK
040 _aCRL
040 _beng
040 _cCRL
041 _2eng
041 _aeng
084 _qCRL
100 _aLionel F. Stapley
_91184191
245 0 _aIt's an Emotional Game
245 0 _bLearning about Leadership from Football
260 _bTaylor and Francis
260 _c2002
365 _a
365 _b195
856 _uhttp://www.taylorfrancis.com/books/9780429476280
942 _cEBOOK
999 _c1794356
_d1794356